Geography Quiz

Random Geography or City Quiz

Name the Cities of England Quiz Stats

 Plays Quiz not verified by Sporcle

Challenge
Share
Tweet
Embed
Score 0/50 Timer 07:00
0 Plays Today
Answer % Correct
Bristol
81.3%
Liverpool
81.3%
Leeds
75%
Manchester
75%
Chester
75%
Birmingham
68.8%
Cambridge
68.8%
Exeter
68.8%
Plymouth
62.5%
Sheffield
62.5%
York
62.5%
Leicester
62.5%
Worcester
56.3%
Nottingham
56.3%
Oxford
56.3%
Portsmouth
56.3%
Bath
50%
Lancaster
50%
Norwich
50%
Peterborough
50%
Coventry
50%
Bradford
50%
Derby
50%
Newcastle - upon - Tyne
50%
Southampton
50%
Answer % Correct
Brighton & Hove
43.8%
Chichester
43.8%
Gloucester
43.8%
City of London
43.8%
Lincoln
43.8%
Kingston - upon - Hull
43.8%
Sunderland
43.8%
Durham
37.5%
Preston
37.5%
Carlisle
37.5%
Wakefield
37.5%
Winchester
37.5%
Wolverhampton
37.5%
Canterbury
31.3%
Salisbury
31.3%
Truro
31.3%
Westminster
31.3%
Ely
31.3%
Ripon
31.3%
Stoke-on-trent
31.3%
St Albans
25%
Hereford
25%
Lichfield
18.8%
Wells
18.8%
Salford
12.5%

You're not logged in!

Compare scores with friends on all Sporcle quizzes.
OR
Log In

You Might Also Like...

Show Comments

Extras

Created May 22, 2015ReportNominate
Tags:City Quiz, England

Top Quizzes Today


Score Distribution

Your Account Isn't Verified!

In order to create a playlist on Sporcle, you need to verify the email address you used during registration. Go to your Sporcle Settings to finish the process.

Report this User

Report this user for behavior that violates our Community Guidelines.

Details: